• 首页
  • 本馆介绍
  • 公告通知
  • 最新文献
  • 馆藏检索
  • 电子资源
  • 读者导购
  • 参考咨询
  • 我的图书馆
  • 登录
  • 详细信息显示
  • 放入我的书架
  • 预约/预借图书
  • 作者相关作品
  • 分类相关作品
  • 丛书相关作品
  • 出版社相关作品

书目信息

  • 表格格式
  • 工作单格式
  • 卡片格式
题名:
中国学术史
    
 
作者: 李学勤 主编 ;王志平 著
分册: 上   三国两晋南北朝卷
出版信息: 南昌   江西教育出版社  2001
页数: 425页
开本: 19cm
丛书名:
单 册:
中图分类: C092
科图分类:
主题词: 学术思想--思想史--三国时代 , 学样思想--思想史--中国--南北朝时代
电子资源:
ISBN: 7-5392-3490-3
000 00753nam0 2200229 45
001 0311112251
005 20031219104121.2
010    @a7-5392-3490-3@b精装@dCNY98.00
100    @a20031111d2001 km y0chiy0120 ea
101 0  @achi
105    @a z 000yy
200 1  @a中国学术史@i三国两晋南北朝卷@h上@AZhong Guo Xue Shu Shi@f李学勤主编@FLi Xue Qin Zhu Bian@g王志平著
210    @a南昌@c江西教育出版社@d2001
215    @a425页@d19cm
517    @a三国两晋南北朝卷@ASan Guo Liang Jin Nan Bei Chao Juan
606 0  @a学术思想@x思想史@z三国时代
606 0  @a学样思想@x思想史@y中国@z南北朝时代
690    @aC092@v4
701  0 @a李学勤@4主编
702  0 @a王志平@AWang Zhi Ping@4著
801    @aCN@bTSTC@c20031113
905    @a213230@b327914@dC092@e23:4@f1
    
    中国学术史.三国两晋南北朝卷.上/李学勤主编/王志平著.-南昌:江西教育出版社,2001
    425页;19cm
    
    
    ISBN 7-5392-3490-3(精装):CNY98.00
    
●
相关链接 在E读中查询图书 在五车中查询图书 在当当中查询图书 在豆瓣中查询图书


正题名:中国学术史     索取号:C092/23:4         预约/预借

序号 登录号 条形码 馆藏地/架位号 状态 备注
1 0327914   203279148   第一样本阅览室/ [索取号:C092/23:4] 在馆    
唐山师范学院图书馆 欢迎您!
大连网信软件有限公司© 版权所有